Essential environment: the science behind the stories. / (Record no. 3169)
[ view plain ]
| 000 -LEADER | |
|---|---|
| fixed length control field | 01380nam a22001817a 4500 |
| 008 - FIXED-LENGTH DATA ELEMENTS--GENERAL INFORMATION | |
| fixed length control field | 140721b xxu||||| |||| 00| 0 eng d |
| 020 ## - INTERNATIONAL STANDARD BOOK NUMBER | |
| International Standard Book Number | 9780136045311 |
| 050 ## - LIBRARY OF CONGRESS CALL NUMBER | |
| Classification number | GE105.B74 |
| 100 ## - MAIN ENTRY--PERSONAL NAME | |
| Personal name | Withgott, Jay. |
| 245 ## - TITLE STATEMENT | |
| Title | Essential environment: the science behind the stories. / |
| Statement of responsibility, etc. | Jay Withgott |
| 250 ## - EDITION STATEMENT | |
| Edition statement | 3rd ed. |
| 260 ## - PUBLICATION, DISTRIBUTION, ETC. | |
| Place of publication, distribution, etc. | New York: |
| Name of publisher, distributor, etc. | Pearson, |
| Date of publication, distribution, etc. | 2009. |
| 300 ## - PHYSICAL DESCRIPTION | |
| Extent | xvii,400p.: |
| Other physical details | ill.; |
| Dimensions | 25cm. |
| 500 ## - GENERAL NOTE | |
| General note | Includes index, appendix and glossary. |
| 505 ## - FORMATTED CONTENTS NOTE | |
| Formatted contents note | Contents: Foundations of environmental science: An introduction to environmental science -- Environmental economics and environmental policy -- Environmental systems: Chemistry, energy and ecosystems -- Evolution, biodiversity and population ecology -- Species interactions and community ecology -- Environmental issues and the search for solutions -- Soil, agriculture and the future of food -- Biodiversity and conservation biology -- Cities, forests and parks: Land use and resource management -- Environmental health and toxicology -- Geology, minerals and mining -- Fresh water, oceans and coasts: Systems resources and conservation -- Atmospheric science and air pollution -- Global climate change -- Nonrenewable energy sources, their impacts and energy conservation -- Renewable energy alternatives -- Waste management -- Epilogue sustainable solutions. |
| 700 ## - ADDED ENTRY--PERSONAL NAME | |
| Personal name | Brennan, Scott. |
| 942 ## - ADDED ENTRY ELEMENTS (KOHA) | |
| Source of classification or shelving scheme | Library of Congress Classification |
| Koha item type | Books |
| Withdrawn status | Lost status | Source of classification or shelving scheme | Damaged status | Not for loan | Home library | Current library | Shelving location | Date acquired | Total Checkouts | Full call number | Barcode | Date last seen | Copy number | Price effective from | Koha item type |
|---|---|---|---|---|---|---|---|---|---|---|---|---|---|---|---|
| Library of Congress Classification | WISCONSIN INTERNATIONAL UNIVERSITY COLLEGE, GHANA - MAIN LIBRARY | WISCONSIN INTERNATIONAL UNIVERSITY COLLEGE, GHANA - MAIN LIBRARY | Reference | 21/07/2014 | GE105.B74 | 7577/04/14 | 21/07/2014 | 1 | 21/07/2014 | Books |
